Which ABBA album is this song from? - Statistics

General Stats
  • This quiz has been taken 16 times
  • The average score is 18 of 20
Answer Stats
Song Album % Correct
Mamma mia ABBA
100%
Lay all your love on me Super Trouper
100%
The winner takes it all Super Trouper
100%
Take a chance on me The Album
100%
Chiquitita Voulez-Vous
100%
Waterloo Waterloo
100%
Dancing queen Arrival
90%
Ring ring Ring ring
90%
Happy new year Super Trouper
90%
Thank you for the music The Album
90%
One of us The Visitors
90%
Gimme! Gimme! Gimme! (A man after midnight) Voulez-Vous
90%
Voulez-Vous Voulez-Vous
90%
I still have faith in you Voyage
90%
SOS ABBA
80%
Money, money, money Arrival
80%
The day before you came The Visitors
80%
Summer night city Voulez-Vous
80%
Honey, honey Waterloo
80%
Fernando Arrival
70%
No matching quizzes found
Score Distribution
Percent of People with Each Score
Percentile by Number Answered
Your Score History
You have not taken this quiz